Statystyki dla Casino Star

Kliknij tutaj aby rozwiązać quiz!

Ogólne statystyki

  • Ten quiz został rozwiązany 26 razy
  • Średni wynik to 9 z 13

Statystyki odpowiedzi

Odpowiedź% Poprawnych
Kasjusz "Don Kasjo" Życiński
91%
Sergiusz "Nitro" Górski
91%
Agata "Fagata" Fąk
87%
Wojciech Gola
87%
Tomasz "Szalony Reporter" Matysiak
83%
Damian "Stifler" Zduńczyk
78%
Adrian "Medusa" Salamon
70%
Arkadiusz Tańcula
70%
Marcin Dubiel
61%
Rafał "Takefun" Górniak
61%
Sebastian "Sentino" Enrique Alvarez
61%
Mateusz "Tromba" Trąbka
35%
Arkadiusz "Pan" Pawlowski
30%

Rozkład punktacji

Percentyl według liczby udzielonych odpowiedzi

Procent ludzi z każdym wynikiem

Twoja historia wyników

Nie rozwiązałeś tego quizu